000 00681nam a22001817a 4500
003 AUA.1
005 20251028170402.0
008 250714b |||||||| |||| 00| 0 eng d
040 _cJTL
100 _aKwarteng, Ebenezer
245 _aRetention strategy for new members in the Old Tafo Mile 3 District of seventh-day Adventist Church in Kumasi, Ghana /
_cEbenezer Kwarteng.
260 _cc2025
300 _aviii, 117 leaves :
_bIllustrations :
_c30cm.
610 _aSeventh-day Adventist Church :
_bOld Tafo Mile 3 District
_zKumasi, Ghana
650 _aChurch members, New
650 _aChurch work with new church members
942 _2aua
_cTHESIS
_hMDiv
_i.K83 2025
999 _c25222
_d25222